MDQL
is popping MORE tags! Check the
thread
!
Quizzes
Events
Quiz Creation
Community
Videos
Private Events
Remove Ads
Sign In
Join for FREE
Feedback
Dark Mode
Quiz Categories
Sports
Geography
Music
Movies
Television
Just For Fun
Miscellaneous
History
Literature
Language
Science
Gaming
Entertainment
Religion
Holiday
For Kids
Quiz Lab
Recent
Popular Today
Quiz Kudos Today
Editor Picks
Curator Picks
Quizzes by...
Day
Popularity
Type
Ratings
Length
Year
Community
Subscriptions
Recent Discussions
Orange Saloon
Badges
Playlists
Quests
Create
Leaderboards
Showdown
Live 5
Trivia Bingo
Activity
Puzzle Library
Sporcle Events
Private Events
Virtual Trivia
Globe League
Become a Host
Pub Owners
SporcleCon
Opinionation
Our Games
Videos
Blog
Mobile Apps
Partnerships
Remove Ads and Go Orange
Feedback
Miscellaneous
Crossword
General Knowledge
Baby Names
Logo
Food
Cars
Numbers
Grab Bag
University
College
Popular
Company
Slogans
Restaurants
Justice
Letter
Miscellaneous
Crossword
General Knowledge
Baby Names
Logo
Food
Cars
Numbers
Grab Bag
University
College
Popular
Company
Slogans
Restaurants
Justice
Letter
Random Quiz
Search Sporcle
×
Quiz Lab
Quiz Lab
Miscellaneous
date
Type in answers that appear in a list
Type in answers that appear in a list
Classic
Best Score? Go Orange.
Dates for ARC 318L Stats
Can you name the Dates for ARC 318L?
By
IncubusDreams
20m
74 Questions
20 Plays
20 Plays
20 Plays
Comments
Comments
Give Quiz Kudos
Give Quiz Kudos
-
- Ratings
hide this ad
Forced Order
Answers have to be entered in order
Answers have to be entered in order
Random Order
Randomize order of answers
Randomize order of answers
Replay
Link that replays current quiz
Next Quiz
Link to next quiz in quiz playlist
You Got
0%
They Got
Avg Score
58%
Avg Friend Score
Upgrade to see
Score Distribution
Jump to the score distribution portion of the page
Score
0/74
Timer
20:00
0
Plays Today
Building
date
% Correct
Guaranty Trust Building
1894
90%
National (Imperial) Museum
1892
90%
Imperial Hotel
1913
90%
Red House
1859
90%
Hill House
1902
90%
Gamble House
1907
90%
Robie House
1908
90%
National Farmers' Bank
1906
90%
Linke Wienzeile Apartment Buildings
1898
90%
Tassel House stair hall
1893
90%
Unité d'habitation
1947
90%
Seagram Building
1954
90%
Bauhaus buildings
1925
90%
Subway (Métro) entrances
1899
85%
Casa Mila
1905
85%
Secession Building
1898
85%
Hodek's Apartment Building
1913
85%
Glass Pavilion
1914
85%
Glass skyscraper projects
1919 and 1921
85%
AEG Turbine Factory
1909
85%
Crown Hall, IIT
1956
80%
Schröder House
1924
80%
Monument to the Third International
1919
80%
Narkomfin Building
1928
80%
Casa del Fascio
1932
80%
Villa Savoye
1929
80%
Villa Müller
1930
80%
Tugendhat House
1930
80%
La Citta Nuova
1914
75%
Palace of the Soviets
1937
75%
UNAM Library
1953
75%
Fallingwater
1935
70%
Villa Mairea
1937
70%
The Frankfurt Kitchen
1926
70%
Aluminum City Terrace
1941
70%
Bullocks Wilshire Department Store -
now Southwestern Law School
1929
65%
National Art Schools
1961
65%
Building
date
% Correct
OAU Campus, Oduduwa (Assembly Hall)
1970
65%
Weissenhof Siedlung apartment building
1927
65%
Weissenhof Siedlung row houses
1927
65%
Tropical House -
Maison Tropicale
1949
50%
Dymaxion House
1948
50%
Centre Georges Pompidou
1971
50%
Notre-
Dame-
du-
Haut
1954
50%
Cristo Obrero (Christ the Worker) Church
1958
50%
Rockefeller Center
1930
50%
Texaco Service Stations
1937
45%
Southdale Center Mall
1956
45%
TWA Terminal
1956
45%
Brion-
Vega Cemetery
1970
45%
Marina City
1959
35%
Columbia, MD
1963
35%
Brasilia, Lúcio Costa
1956
35%
Nakagin Capsule Tower
1970
35%
Vanna Venturi House
1962
35%
San Cataldo Cemetery
1971
35%
Salk Institute
1960
35%
Wexner Center
1983
35%
Ville contemporaine
1922
30%
Capital of Punjab
1950
30%
Sea Ranch condominiums
1961
25%
Casa Rotonda
1981
25%
Church on the Water
1988
25%
Olympic Stadium
1964
25%
Gunma Prefectural Museum of Modern Art
1974
25%
Kaufmann House
1946
20%
Prieto Lopez House
1949
20%
Tokyo Bunka Kaikan
1961
20%
Azuma Residence
1978
20%
Gehry Residence
1978
20%
Kimball Art Museum
1967
20%
Guggenheim Museum
1997
15%
McCormick Tribune Campus Center, Illinois Institute of Technology
2003
15%
BMW Leipzig Central Building
2001
15%
Quiz Playlist
Details
Report
Send in Message
Add To Playlist
Classic:
Type in answers that appear in a list
Forced Order:
Answers have to be entered in order
Random Order:
Randomize order of answers
Last Updated: Feb 16, 2017
Quiz Scoreboard
CHALLENGE
Sign Up to Join the Scoreboard
Show All
Scores
Hide
Comments
May contain spoilers
Recently Published
1-10 Letter E Words III
by El_Dandy
Language
2m
Street Fighter Characters
by Artimus82
Gaming
60s
College Basketball Coaching Resumes
by pancakes188
Sports
9m
More to Explore
Quiz From the Vault
Featured Blog Post
Where Did the Easter Bunny Come From?
hide this ad
You Might Also Like...
Tags
arc
Building
date
Today's Top Quizzes in Miscellaneous
Browse Miscellaneous
hide this ad
Today's Top Quizzes in date
Browse date
Top Contributed Quizzes in Miscellaneous
1
5-to-1: Fast Food
2
The JOE quick-fire general knowledge quiz: Day 174
3
The JOE quick-fire general knowledge quiz: Day 173
4
5-to-1: Cocktails
5
The JOE quick-fire general knowledge quiz: Day 172
6
9x9 Crossword: Disney Movie Titles
7
9x9 Crossword: Charlie and the Chocolate Factory
8
Sunday Crossword: Famous Bodies of Water
9
9x9 Crossword: Flags
10
The JOE quick-fire general knowledge quiz: Day 171
Explore More
Trending Topics
Kpop
Disney
Marvel
NBA
Crossword
Anime
Harry Potter
NFL
Country
Puzzle
WWE
Soccer
Song
Pokémon
The Office
hide this ad
More By:
IncubusDreams
Quiz
Plays
Rating
Category
Featured
Created
Greek/Roman Names
99
1.33
Literature
Oct 3, 2010
Architects for ARC 318L
60
1.00
Miscellaneous
Nov 19, 2009
Dates for ARC 318L
20
Miscellaneous
Nov 19, 2009
Buildings From 318L
12
1.00
Miscellaneous
Dec 5, 2009
Building/Location for ARC 318K midterm
3
Miscellaneous
Feb 14, 2010
Go to Creator's Profile
Score Distribution
Quiz Creator Spotlight
IncubusDreams
Follow
Send a Message
Quizzes Created
-
Created Quiz Play Count
-
More By This Creator
Popular Quizzes Today
1
Find the US States - No Outlines Minefield
2
Find the Countries of Europe - No Outlines Minefield
3
Find the US States
4
The Countries of the World
5
Risky Map Clicking: Biggest States A-Z
6
US States
7
Popular People in 1961
8
Movies - When Are They Set?
More Miscellaneous Quizzes
Crossword: 3 Word Clues (1)
Quiz Lab
Trending Quizzes
Risky Map Clicking: Least Populous States A-Z
1-10 Letter G Words
Countries of the World: 200 Million BC
1-10 Letter F Words
Risky Map Clicking: Next State Alphabetically
Recently Updated
Largest US Cities 1790-2010
pecheneg
Rides in Walt Disney World
pecheneg
Most Oscar Losses (Acting)
pecheneg
Beyoncé Albums
pecheneg
Leaping Animals
pecheneg
Reality TV Shows (A-Z)
bhenderson79
Rickey Henderson's Hall of Fame Teammates
pecheneg
Champions League XIs: Arsenal
pecheneg
Quick Pick: Celebrities in WWE's Hall of Fame
aduchscher
A-Z Keypad Blitz II
pecheneg
Trending Topics
Kpop
Marvel
Anime
NBA
Crossword
Harry Potter
Disney
Pokémon
Song
Puzzle
WWE
Soccer
NFL
The Office
Country
Your Account Isn't Verified!
In order to create a playlist on Sporcle, you need to verify the email address you used during registration. Go to your
Sporcle Settings
to finish the process.
Report this User
Report this user for behavior that violates our
Community Guidelines
.
Details:
Send Report
Go to the Sporcle.com Mobile Site →
Comments